| 000 | 00708nam a2200217 i 4500 | ||
|---|---|---|---|
| 001 | bg | ||
| 245 | 0 |
_aFirmy opakowaniowe w Polsce : _bkatalog 1999/2000 / _c[zesp.red. Małgorzata Grochocka et al.]. |
|
| 260 |
_aWarszawa : _bCOBRO, _c1999. |
||
| 300 |
_a348 [1] s. ; _c21 cm. |
||
| 501 | _aGromadzenie materiałów zakończono dnia 15 kwietnia 1999 r. | ||
| 501 | _aTekst częściowo w jęz. angielskim. | ||
| 650 | 9 |
_aopakowania _xkatalog _zPolska |
|
| 700 | 1 | _aGROCHOCKA, Małgorzata. | |
| 710 | _aCentralny Ośrodek Badawczo-Rozwojowy Opakowań | ||
| 020 | _a8390197383 | ||
| 040 | _cBPK | ||
| 041 | _apol | ||
| 920 | _a83-901973-8-3 | ||
| 942 | _cKA | ||
| 008 | s pl f |000 0 pol | ||
| 999 |
_c24229 _d24229 |
||
| 856 |
_uhttp://koha.tu.koszalin.pl/cgi-bin/koha/opac-detail.pl?biblionumber=24229 _yKatalog online BPK |
||